000 01055nam a2200289 i 4500
003 EG-GICUC
005 20260505134104.0
008 260505s1984 ua ||||fr|||| 00| 0 ara d
040 _a EG-GICUC
_bara
_c EG-GICUC
_d EG-GICUC
_erda
041 _aara
082 0 4 _221
_a345.402
_bق ا
092 0 4 _221
099 _aLaw1 07 345.402 ق ا 1984
245 _aقانون رقم 47 لسنة 1978 باصدار قانون نظام العاملين المدنيين بالدولة و القوانين المعدلة لة /
_cحامعة القاهرة .
264 _aالقاهرة :
_bجامعة القاهرة ،
_c1984 .
300 _a271؛ صفحة
_c24 سم
336 _2rda content
_atext
337 _2rda media
_aComputer
338 _2rda carrier
_aOnline Resource
546 _aالنص باللغة العربية
650 1 _aالقانو الادارى
650 1 _aالوظائف العامة
651 1 _2qrmak
856 4 0 _uhttps://fll.law.cu.edu.eg/fulltext/bks/B07-04884.pdf
905 _a60
942 _2ddc
_cBK
_e21
_n0
999 _c75719
_d75719